00593nam a2200193Ia 4500008004100000020001300041082001500054100002200069245003800091250000800129260003400137300002700171500001900198600001500217650001500232942000700247952012800254999001700382240925s9999 xx 000 0 und d a71145079 a651.74 MUR aMurphy ,Herta A. 0aEffective Business Communications a7th aBoston:bMC Graw-Hillc,1997. axv,861p.bNAfOriginal aIncludes Index aManagement aManagement cBK 001040708SSaUITUbUITUd2011-03-18eFair Book Centerg550.00l0o651.74 MURpQ8643r2024-09-25 07:15:02w2024-09-25yBK c11142d11142